Films italiens (par image) - Statistiques

Statistiques générales
  • Ce quiz a été pris 49 fois
  • Le résultat moyen est 5 sur 20
Statistiques - réponses
Par images Réponse % Correct
Le bon, la brute et le truand
83%
Il était une fois dans l'Ouest
76%
Le voleur de bicyclette
71%
Le Dernier Empereur
61%
Le Guépard
51%
Le petit monde de Don Camillo
37%
La ciociara
32%
Païsa
24%
Attila, fléau de Dieu
10%
Cent jours à Palerme
5%
Le témoin à abattre
5%
Un thé avec Mussolini
5%
Francesco
2%
Gli onorevoli
2%
La fille des marais
2%
La Sicilienne
2%
Les Super-flics de Miami
2%
Rome violente
2%
Bandits à Milan
0%
Caraibi & bastardi
0%
Aucun quiz correspondant
Distribution des résultats
% des personnes avec chaque résultat
Percentile par nombre de réponses
Votre historique - résultats
Vous n’avez pas pris ce quiz